Paul's gospel and mission : (Record no. 118077)
[ view plain ]
| 000 -LEADER | |
|---|---|
| fixed length control field | 00869pam a2200253 a 4500 |
| 001 - CONTROL NUMBER | |
| control field | 3804224 |
| 003 - CONTROL NUMBER IDENTIFIER | |
| control field | ARRUPE |
| 005 - DATE AND TIME OF LATEST TRANSACTION | |
| control field | 20130926123040.0 |
| 008 - FIXED-LENGTH DATA ELEMENTS--GENERAL INFORMATION | |
| fixed length control field | 850221s1985 pau b 001 0 eng |
| 010 ## - LIBRARY OF CONGRESS CONTROL NUMBER | |
| LC control number | 85004430 |
| 020 ## - INTERNATIONAL STANDARD BOOK NUMBER | |
| International Standard Book Number | 0800618718 (pbk.) |
| 040 ## - CATALOGING SOURCE | |
| Original cataloging agency | DLC |
| Transcribing agency | DLC |
| Modifying agency | DLC |
| 050 00 - LIBRARY OF CONGRESS CALL NUMBER | |
| Classification number | BS2506 |
| Item number | .H85 1985 |
| 300 ## - PHYSICAL DESCRIPTION | |
| Dimensions | 21 cm. |
| 100 1# - MAIN ENTRY--PERSONAL NAME | |
| Personal name | Hultgren, Arland J. |
| 9 (RLIN) | 1378 |
| 245 10 - TITLE STATEMENT | |
| Title | Paul's gospel and mission : |
| Remainder of title | the outlook from his letter to the Romans / |
| Statement of responsibility, etc | Arland J. Hultgren. |
| 260 ## - PUBLICATION, DISTRIBUTION, ETC. (IMPRINT) | |
| Place of publication, distribution, etc | Philadelphia : |
| Name of publisher, distributor, etc | Fortress Press, |
| Date of publication, distribution, etc | c1985. |
| 300 ## - PHYSICAL DESCRIPTION | |
| Extent | xiv, 162 p. ; |
| 504 ## - BIBLIOGRAPHY, ETC. NOTE | |
| Bibliography, etc | Includes bibliographies and indexes. |
| 600 00 - SUBJECT ADDED ENTRY--PERSONAL NAME | |
| Personal name | Paul, |
| Titles and other words associated with a name | the Apostle, Saint. |
| 9 (RLIN) | 1379 |
| 630 00 - SUBJECT ADDED ENTRY--UNIFORM TITLE | |
| Uniform title | Bible. |
| Name of part/section of a work | Romans |
| General subdivision | Criticism, interpretation, etc. |
| 9 (RLIN) | 1380 |
| 630 00 - SUBJECT ADDED ENTRY--UNIFORM TITLE | |
| Uniform title | Bible. |
| Name of part/section of a work | Epistles of Paul |
| General subdivision | Theology. |
| 9 (RLIN) | 1381 |
| 906 ## - LOCAL DATA ELEMENT F, LDF (RLIN) | |
| a | 7 |
| b | cbc |
| c | orignew |
| d | 1 |
| e | ocip |
| f | 19 |
| g | y-gencatlg |
| 942 ## - ADDED ENTRY ELEMENTS (KOHA) | |
| Source of classification or shelving scheme | Library of Congress Classification |
| Koha item type | Monograph ( Printed materials) |
| Withdrawn status | Lost status | Source of classification or shelving scheme | Damaged status | Not for loan | Home library | Current library | Shelving location | Date acquired | Total Checkouts | Full call number | Barcode | Date last seen | Price effective from | Koha item type |
|---|---|---|---|---|---|---|---|---|---|---|---|---|---|---|
| Library of Congress Classification | ARRUPE LIBRARY | ARRUPE LIBRARY | Main Collection | 26/09/2013 | BS2506 .H85 1985 | 46410057 | 26/09/2013 | 26/09/2013 | Monograph ( Printed materials) |